The effect of supper bokashi supplementation in to hi-gro feed on growth rate of broiler chiken(AVIAN),​ ឥទ្ធពលនៃការបន្ថែមSupper Bokashi HI-GRO ទៅលើការលូតលាស់របស់មាន់ពូជAVIAN (Record no. 2039)

000 -LEADER
fixed length control field 00620nam a22001577a 4500
003 - CONTROL NUMBER IDENTIFIER
control field OSt
005 - DATE AND TIME OF LATEST TRANSACTION
control field 20151006141003.0
008 - FIXED-LENGTH DATA ELEMENTS--GENERAL INFORMATION
fixed length control field 151006b xxu||||| |||| 00| 0 eng d
040 ## - CATALOGING SOURCE
Transcribing agency RUA
082 ## - DEWEY DECIMAL CLASSIFICATION NUMBER
Classification number AVM KLE 2006 B076 Or.1
100 ## - MAIN ENTRY--PERSONAL NAME
9 (RLIN) 2167
Personal name KLEY, KIMSOT.
245 ## - TITLE STATEMENT
Title The effect of supper bokashi supplementation in to hi-gro feed on growth rate of broiler chiken(AVIAN),​ ឥទ្ធពលនៃការបន្ថែមSupper Bokashi HI-GRO ទៅលើការលូតលាស់របស់មាន់ពូជAVIAN
260 ## - PUBLICATION, DISTRIBUTION, ETC. (IMPRINT)
Place of publication, distribution, etc. Phnom Penh
Name of publisher, distributor, etc. RUA
Date of publication, distribution, etc. 2006
300 ## - PHYSICAL DESCRIPTION
Extent 41p.
Other physical details ill.
Dimensions 29cm.
942 ## - ADDED ENTRY ELEMENTS (KOHA)
Source of classification or shelving scheme
Koha item type AVM
Holdings
Price effective from Date last seen Permanent Location Not for loan Date acquired Source of classification or shelving scheme Koha item type Lost status Withdrawn status Total Renewals Date last checked out Total Checkouts Shelving location Damaged status Barcode Current Location Full call number
2015-10-062023-07-31Library Block B 2015-10-06 AVM   2023-07-122B076 RUA008943Library Block BAVM KLE 2006 B076 Or.1
2015-10-062016-08-29Library Block B 2015-10-06 AVM  22016-07-042B076 RUA008595Library Block BAVM KLE 2006 B076 Or.2
2015-10-062015-10-06Library Block B 2015-10-06 AVM     B076 RUA008508Library Block BAVM KLE 2006 B076 Or.3
2015-10-062015-10-06Library Block B 2015-10-06 AVM     B076 RUA008991Library Block BAVM KLE 2006 B076 Or.4
2015-10-062015-10-06Library Block B 2015-10-06 AVM     B076 RUA008609Library Block BAVM KLE 2006 B076 Or.5
មជ្ឈមណ្ឌលឯការនៃសាកលវិទ្យាល័យភូមិន្ទកសិកម្មចំការដូង

Powered by Koha